000 01824ngm a22002770a 4500
001 PT16374
003 AR-LpoUNG
005 20210202000203.0
007 vd cvaizq
008 191001suuuu||||ag |||||||||||||||||ita d
040 _aAR-LpoUNG
_bspa
_cAR-LpoUNG
_eaacr
041 _aita
044 _aag
082 0 _a857 923des
100 1 _aMonicelli, Mario
_edir.
245 1 4 _aLos desconocidos de siempre
260 _aBuenos Aires :
_bRenacimiento Video Comunicación,
_c1990.
300 _aVHS (105 min.) : son., byn
505 0 _aHecha en 1958. - Créditos: Guión, Age Scarpelli; Susso Sechi, D'Amico; música, Piero Umiliani; fotografía, Gianni Di Venanzo.- Elenco: Marcello Mastroianni, Vittorio Gassman, Claudia Cardinale, Memmo Carotenuto , Renato Salvatori.
520 _aTres pobres diablos. Un Túnel. Un robo y una bella chica. Tres pobres diablos se proponen realizar un espectacular atraco al más genuino estilo americano: durante el fin de semana cavarán un túnel que les permitirá desvalijar una casa de empeños, naturalmente, nada saldrá como el plan previsto. Este argumento inspirado en la producción francesa Rififi (1955) de George Dassin, dio lugar a una de las obras más ingeniosas del neorrealismo tardío. Una excelente trabajo de dirección, un espléndido guión y un reparto idóneo. El versátil Mastroianni más divertido que nunca y Gassman tan histriónico como siempre, junto a la bellísima Claudia Cardinale y el inefable Totó (cuyas películas cómicas había codirigido Monicelli desde 1949), hacen de 'Los Desconocidos de Siempre', una de las mejores comedias de todos los tiempos y una amarga sátira acerca de la sociedad italiana de los años 50.
653 _aCINE ITALIANO
653 _aCOMEDIA
653 _aVIDEOS
905 _a16374
942 _cVIDEO
999 _c54296
_d54296